BTD6 Towers (Monkeys) Quiz - Statistics

General Stats
  • This quiz has been taken 571 times
    66 since last reset
  • The average score is 33 of 42
Answer Stats
Class Monkey % Correct
Primary Dart Monkey
100%
Primary Tack Shooter
100%
Primary Boomerang Monkey
98%
Military Monkey Sub
96%
Support Banana Farm
94%
Military Dartling Gunner
94%
Primary Ice Monkey
94%
Military Monkey Bucaneer
94%
Primary Bomb Shooter
92%
Support Engineer Monkey
92%
Military Sniper Monkey
92%
Support Spike Factory
92%
Magic Wizard Monkey
92%
Military Heli Pilot
91%
Military Monkey Ace
91%
Hero Quincy
91%
Magic Super Monkey
91%
Support Monkey Village
89%
Magic Ninja Monkey
89%
Magic Druid
87%
Primary Glue Gunner
87%
Magic Alchemist
85%
Magic Mermonkey
83%
Military Mortar Monkey
81%
Support Beast Handler
79%
Primary Desperado
79%
Hero Pat Fusty
74%
Hero Sauda
74%
Hero Benjamin
72%
Hero Geraldo
68%
Hero Gwendolin
68%
Hero Obyn Greenfoot
66%
Hero Striker Jones
64%
Hero Captain Churchill
62%
Hero Adora
58%
Hero Etienne
57%
Hero Admiral Brickell
53%
Hero Corvus
49%
Hero Psi
47%
Hero Ezili
45%
Hero Silas
42%
Hero Rosalia
34%
No matching quizzes found
Score Distribution
Percent of People with Each Score
Percentile by Number Answered
Your Score History
You have not taken this quiz since the last reset